000 004140000a22001690004500
003 MACL
005 20160113122841.0
008 160113b xxu||||| |||| 00| 0 eng d
040 _aMACL
_cMACL
041 _aEnglish
082 _a942/GIL
100 _aGiles, J A
_931635
245 _aOld English Chronicles
260 _bG Bell & Sons Ltd
_c1912
_aLondon
650 _aHistory
_931636
942 _cBK
_k942/GIL
_2ddc
999 _c37675
_d37675